| 000 | 00384nam a22001337a 4500 | ||
|---|---|---|---|
| 082 |
_a621.56 _bSev _cL-8, P-19 |
||
| 100 |
_aSeverns, william H. _941962 |
||
| 245 |
_aAir Conditioning & Refrigeration _cSeverns, william H. |
||
| 260 | _bWiley International | ||
| 300 |
_avi, 563 p, : _bill. _c19cm |
||
| 526 |
_a0 _b0 _c0 _d621_560000000000000_SEV |
||
| 650 |
_aMCE _9379 |
||
| 942 |
_2ddc _cBK |
||
| 999 |
_c546094 _d546094 |
||